The basic of christian faith

Guardat en:
Dades bibliogràfiques
Autor principal: Hamilton, Floyd E.
Format: Llibre
Idioma:anglès
Publicat: Harper and Brothers. 1946.
Edició:3ª ed.
Matèries:
Etiquetes: Afegir etiqueta
Sense etiquetes, Sigues el primer a etiquetar aquest registre!

MARC

LEADER 00000nam a22000005a 4500
001 13823
003 CL-ChBUA
005 20120815103506.0
008 070301s1946 xxu 000 0 eng
040 |a CL-ChBUA  |c CL-ChBUA 
082 0 0 |a 240 
090 |c 13823  |d 13823 
100 1 |a Hamilton, Floyd E. 
245 1 0 |a The basic of christian faith 
250 |a 3ª ed. 
260 |b Harper and Brothers.  |c 1946. 
300 |a 354 p.  |c 20 cm. 
504 |a Indice. 
650 4 |a TEOLOGIA PRACTICA. 
942 |c LIB 
952 |0 0  |1 0  |4 0  |7 0  |9 19481  |a UNACH  |b UNACH  |c 200  |d 2007-03-05  |i 18.187.  |l 0  |o 240 / H 217.  |p 20480  |r 2012-12-27 00:00:00  |u 19481  |w 2012-08-08  |y LIB  |k 240 / H 217. 
999 |c 13823  |d 13823